00318nam a2200133Ia 4500008004100000041000800041082001400049100002300063245002000086250001400106260002900120300002400149365001100173240624s9999 xx 000 0 und d aeng a174.4 DEG aDEGEORGE RICHARD T aBUSINESS ETHICS a(7th ed.) c2015aNew DelhibPearson a550 : p. : cm. ; 26 cRSb33